[Event "Ruhrgebiet VK1 0304"]
[Site "Ruhrgebiet"]
[Date "2004.01.11"]
[Round "5.2"]
[White "Wagner, Ole"]
[Black "Kordonowski, Frank"]
[Result "1/2-1/2"]
[WhiteElo "2063"]
[BlackElo "2054"]
[PlyCount "81"]
[EventDate "2003.09.28"]
[EventType "team"]
[EventRounds "9"]
[EventCountry "GER"]
[SourceTitle "EXT 2007"]
[Source "ChessBase"]
[SourceDate "2006.11.23"]
[SourceVersion "1"]
[SourceVersionDate "2006.11.23"]
[SourceQuality "1"]
[WhiteTeam "Essen Listiger Bauer"]
[BlackTeam "Altenessen"]
[WhiteTeamCountry "GER"]
[BlackTeamCountry "GER"]

1. e4 c5 2. Nf3 e6 3. Nc3 a6 4. g3 Nc6 5. Bg2 d6 6. 0-0 Nf6 7. d4 cxd4 8. Nxd4 Bd7 9. Be3 Be7 10. a4 0-0 11. h3 Qc7 12. Nde2 b6 13. g4 Bc8 14. Ng3 Ne5 15. Nge2 Bb7 16. Nd4 Rad8 17. Qe2 Qc4 18. f4 Qxe2 19. Ndxe2 Nc4 20. Bc1 d5 21. e5 Nd7 22. Nd1 f6 23. b3 Na5 24. Bb2 fxe5 25. fxe5 Rxf1+ 26. Kxf1 Rc8 27. Rc1 Bg5 28. Rb1 Nc6 29. c4 dxc4 30. bxc4 Na5 31. Bxb7 Nxb7 32. Nd4 Rxc4 33. Nxe6 Be7 34. Nxg7 Kxg7 35. e6+ Nf6 36. g5 Rc6 37. Ne3 Kg6 38. gxf6 Bxf6 39. Bxf6 Kxf6 40. e7 Kxe7 41. Nd5+ 1/2-1/2

[Event "Ruhrgebiet VK1 0001"]
[Site "Ruhrgebiet"]
[Date "2001.05.13"]
[Round "9"]
[White "Wagner, Ole"]
[Black "Ackermann, Frank"]
[Result "1-0"]
[WhiteElo "1980"]
[BlackElo "1969"]
[PlyCount "123"]
[EventDate "2000.09.17"]
[EventType "team-tourn"]
[EventRounds "9"]
[EventCountry "GER"]
[SourceTitle "EXT 2023"]
[Source "ChessBase"]
[SourceDate "2022.10.05"]
[SourceVersion "1"]
[SourceVersionDate "2022.10.05"]
[SourceQuality "1"]
[WhiteTeam "Essen Listiger Bauer"]
[BlackTeam "Oberhausen II"]
[WhiteTeamCountry "GER"]
[BlackTeamCountry "GER"]

1. e4 c5 2. Nf3 e6 3. b3 Nc6 4. Bb2 a6 5. d4 cxd4 6. Nxd4 Nf6 7. Nxc6 dxc6 8. Qxd8+ Kxd8 9. Nd2 Bc5 10. f3 Ke7 11. Bd3 Nd7 12. e5 f5 13. exf6+ gxf6 14. Ne4 Rg8 15. Nxc5 Nxc5 16. Ba3 b6 17. Kf2 h5 18. Rhe1 Rg5 19. Rad1 Kf7 20. Bf1 Nb7 21. Bc1 Rd5 22. Bc4 Rxd1 23. Rxd1 b5 24. Be2 e5 25. f4 Kg6 26. Bf3 Bg4 27. h3 Bxf3 28. Kxf3 Rd8 29. Rxd8 Nxd8 30. fxe5 fxe5 31. Ke4 Kf6 32. Bb2 Nf7 33. Ba3 Ng5+ 34. Ke3 Kf5 35. Bb2 Nf7 36. Ba3 Ng5 37. Be7 Nf7 38. Bb4 Ng5 39. Bd2 Nf7 40. Kd3 Nd6 41. Bb4 Nf7 42. Be7 Ke6 43. Bh4 Kf5 44. Kc3 Ke4 45. Kb4 Kd4 46. Bf2+ Kd5 47. Ka5 e4 48. g4 hxg4 49. hxg4 Ne5 50. g5 Ng4 51. g6 Ke6 52. Bh4 e3 53. Kxa6 Ne5 54. g7 Kf7 55. a4 bxa4 56. bxa4 Nf3 57. Bg3 e2 58. g8Q+ Kxg8 59. Kb7 e1Q 60. Bxe1 Nxe1 61. c3 Nd3 62. a5 1-0